[Event "POR-chT"]
[Site "Sao Joao da Madeira"]
[Date "2023.07.23"]
[Round "9.5"]
[White "Polaczek, Richard"]
[Black "Vassallo Barroche, Mauricio"]
[Result "1/2-1/2"]
[WhiteElo "2337"]
[BlackElo "2351"]
[PlyCount "22"]
[EventDate "2023.07.17"]
[EventType "team-tourn"]
[EventRounds "9"]
[EventCountry "POR"]
[SourceTitle "CBM 215 Extra"]
[Source "ChessBase"]
[SourceDate "2023.09.30"]
[SourceVersion "1"]
[SourceVersionDate "2023.09.30"]
[SourceQuality "1"]
[WhiteTeam "Montemor o Velho"]
[BlackTeam "Assembleia Figueirense"]
[WhiteTeamCountry "POR"]
[BlackTeamCountry "POR"]

1. d4 d6 2. e4 g6 3. Nc3 Bg7 4. Nf3 Nf6 5. Be2 0-0 6. 0-0 a6 7. a4 Nc6 8. h3 e5 9. dxe5 Nxe5 10. Nxe5 dxe5 11. Bc4 Qe7 1/2-1/2

[Event "POR-chT"]
[Site "Sao Joao da Madeira"]
[Date "2023.07.22"]
[Round "8.2"]
[White "Vassallo Barroche, Mauricio"]
[Black "Santos, Jose Guilherme B Li"]
[Result "1-0"]
[WhiteElo "2351"]
[BlackElo "2386"]
[PlyCount "125"]
[EventDate "2023.07.17"]
[EventType "team-tourn"]
[EventRounds "9"]
[EventCountry "POR"]
[SourceTitle "CBM 215 Extra"]
[Source "ChessBase"]
[SourceDate "2023.09.30"]
[SourceVersion "1"]
[SourceVersionDate "2023.09.30"]
[SourceQuality "1"]
[WhiteTeam "Assembleia Figueirense"]
[BlackTeam "Montemor o Novo"]
[WhiteTeamCountry "POR"]
[BlackTeamCountry "POR"]

1. Nf3 Nf6 2. g3 e6 3. Bg2 d5 4. 0-0 Be7 5. d3 0-0 6. Nbd2 c5 7. e4 Nc6 8. Re1 Qc7 9. e5 Nd7 10. Qe2 b5 11. Nf1 Bb7 12. Bf4 Rfc8 13. h4 Bf8 14. h5 h6 15. N1h2 Qd8 16. g4 Ne7 17. g5 Nf5 18. Bh3 hxg5 19. Nxg5 Be7 20. Nxf7 Kxf7 21. Bxf5 exf5 22. e6+ Kf8 23. h6 Nf6 24. Qh5 Nxh5 25. h7 Nf6 26. h8Q+ Ng8 27. Nf3 Rc6 28. Be5 Rxe6 29. Qxg7+ Ke8 30. Qxg8+ Kd7 31. Qxe6+ Kxe6 32. Bc7+ Kd7 33. Bxd8 Rxd8 34. Ne5+ Kc7 35. d4 cxd4 36. Nf3 Kd7 37. Nxd4 Rg8+ 38. Kf1 b4 39. Ke2 Bc5 40. c3 Ba6+ 41. Kf3 Bd3 42. Rg1 bxc3 43. bxc3 Re8 44. Rg7+ Kd6 45. Rag1 Bxd4 46. cxd4 Be2+ 47. Kf4 Re4+ 48. Kxf5 Rxd4 49. R1g6+ Kc5 50. Rc7+ Kb4 51. Ke5 Rd1 52. Rxa7 Bc4 53. Rb6+ Kc3 54. Ra3+ Kc2 55. f3 Rd2 56. Ra7 Kc3 57. a4 Re2+ 58. Kf4 d4 59. Rc6 Ra2 60. a5 d3 61. Rac7 d2 62. Rxc4+ Kd3 63. Re4 1-0

[Event "POR-chT"]
[Site "Sao Joao da Madeira"]
[Date "2023.07.18"]
[Round "2.5"]
[White "Larkin, Vladislav"]
[Black "Vassallo Barroche, Mauricio"]
[Result "0-1"]
[WhiteElo "2461"]
[BlackElo "2351"]
[PlyCount "210"]
[EventDate "2023.07.17"]
[EventType "team-tourn"]
[EventRounds "9"]
[EventCountry "POR"]
[SourceTitle "CBM 215 Extra"]
[Source "ChessBase"]
[SourceDate "2023.09.30"]
[SourceVersion "1"]
[SourceVersionDate "2023.09.30"]
[SourceQuality "1"]
[WhiteTeam "Estrelas S Joao de Brito"]
[BlackTeam "Assembleia Figueirense"]
[WhiteTeamCountry "POR"]
[BlackTeamCountry "POR"]

1. c4 e5 2. Nc3 Nf6 3. Nf3 Nc6 4. g3 g6 5. Bg2 Bg7 6. d3 d6 7. 0-0 0-0 8. Bg5 h6 9. Bxf6 Bxf6 10. Rb1 a5 11. a3 Bg7 12. b4 axb4 13. axb4 Ne7 14. Qb3 Be6 15. Nd2 c6 16. b5 d5 17. Rfd1 Qd6 18. Na4 Nf5 19. Qb4 Qxb4 20. Rxb4 Nd4 21. Nc3 Rfd8 22. bxc6 bxc6 23. cxd5 cxd5 24. e3 Rac8 25. Nxd5 Ne2+ 26. Kf1 Bxd5 27. Bxd5 Nc3 28. Bxf7+ Kxf7 29. Rc1 Nd5 30. Rb7+ Kg8 31. Rxc8 Rxc8 32. Nc4 Rd8 33. Rb3 Ne7 34. Ke2 Nf5 35. Rb6 Kf7 36. Rb7+ Kg8 37. Rb6 Ne7 38. Rb7 Nd5 39. Rb3 Ra8 40. Kf3 Rf8+ 41. Kg2 Rd8 42. Kf3 Nc7 43. Ke2 Nd5 44. Kf3 Rf8+ 45. Kg2 h5 46. h4 Re8 47. Rb5 Nc3 48. Rb6 Kh7 49. Rb7 Kg8 50. Rb6 Kh7 51. Rb7 Re6 52. Rd7 Kg8 53. Nd6 Bf8 54. Nc4 Bg7 55. Kf1 Ra6 56. Rd8+ Kh7 57. Nd6 Ra1+ 58. Kg2 Ra2 59. Kf3 Nd1 60. Ne4 Ra7 61. Ke2 Nb2 62. Rb8 Na4 63. Kf1 Rc7 64. Rd8 Nc5 65. Ng5+ Kh6 66. d4 exd4 67. exd4 Rd7 68. Rxd7 Nxd7 69. Nf3 Kh7 70. Ke2 Kg8 71. Kd3 Kf7 72. Kc4 Ke6 73. Ng5+ Kf5 74. f3 Bh6 75. Nf7 Bf8 76. Kd5 Nb6+ 77. Kc6 Nc4 78. Kd7 Nd2 79. Ne5 Nb3 80. g4+ Kf6 81. Ke8 Ba3 82. g5+ Kf5 83. Kf7 Nxd4 84. Nxg6 Nxf3 85. Kg7 Kg4 86. Kh7 Nxh4 87. Ne5+ Kxg5 88. Nf7+ Kf6 89. Kh6 Kxf7 90. Kxh5 Nf5 91. Kg4 Ke6 92. Kf4 Nd6 93. Kg4 Bc1 94. Kf3 Kd5 95. Ke2 Ke4 96. Kd1 Be3 97. Kc2 Kd4 98. Kb3 Kd3 99. Kb4 Bb6 100. Ka4 Kc4 101. Ka3 Bd4 102. Ka4 Bc3 103. Ka3 Nb5+ 104. Ka4 Nd4 105. Ka3 Kb5 0-1

[Event "Alicante Easter op 7th"]
[Site "La Nucia"]
[Date "2023.04.08"]
[Round "6"]
[White "Vassallo Barroche, Mauricio"]
[Black "Solodovnichenko, Yuri"]
[Result "0-1"]
[WhiteElo "2361"]
[BlackElo "2489"]
[PlyCount "74"]
[EventDate "2023.04.05"]
[EventType "swiss"]
[EventRounds "9"]
[EventCountry "ESP"]
[SourceTitle "CBM 213 Extra"]
[Source "ChessBase"]
[SourceDate "2023.05.31"]
[SourceVersion "1"]
[SourceVersionDate "2023.05.31"]
[SourceQuality "1"]

1. d4 Nf6 2. c4 e6 3. Nc3 d5 4. cxd5 exd5 5. Bf4 Bd6 6. Bxd6 Qxd6 7. e3 Bf5 8. h3 0-0 9. Bd3 Bxd3 10. Qxd3 Nbd7 11. Nge2 Rfe8 12. 0-0 c6 13. Ng3 g6 14. Rad1 Re7 15. Qc2 Rae8 16. Rfe1 Kg7 17. Nf1 Nh5 18. Re2 Kh8 19. f3 f5 20. Rde1 f4 21. Qd2 fxe3 22. Rxe3 Ng7 23. Rxe7 Rxe7 24. Rxe7 Qxe7 25. Qe3 Qf6 26. g4 Ne6 27. Ne2 c5 28. dxc5 Ndxc5 29. b4 d4 30. Qd2 Ng5 31. Nh2 d3 32. bxc5 dxe2 33. Qxe2 Nxh3+ 34. Kh1 Nf4 35. Qd1 h5 36. Nf1 hxg4 37. fxg4 Qc6+ 0-1

[Event "EU-Cup 37th"]
[Site "Mayrhofen"]
[Date "2022.10.04"]
[Round "2.4"]
[White "Vassallo Barroche, Mauricio"]
[Black "Prohaszka, Peter"]
[Result "1-0"]
[WhiteElo "2373"]
[BlackElo "2570"]
[PlyCount "117"]
[EventDate "2022.10.03"]
[EventType "team-swiss"]
[EventRounds "7"]
[EventCountry "AUT"]
[SourceTitle "CBM 210 Extra"]
[Source "ChessBase"]
[SourceDate "2022.11.30"]
[SourceVersion "1"]
[SourceVersionDate "2022.11.30"]
[SourceQuality "1"]
[WhiteTeam "Andreu Valencia Origin"]
[BlackTeam "Ajka BSK"]
[WhiteTeamCountry "ESP"]
[BlackTeamCountry "HUN"]

1. Nf3 d5 2. g3 Nd7 3. d4 Nb6 4. Bg2 Nf6 5. 0-0 Bf5 6. c3 h6 7. Nbd2 e6 8. a4 a5 9. Ne5 Bd6 10. Nd3 0-0 11. Nf3 Nbd7 12. Bf4 Bxf4 13. gxf4 Qe7 14. Nde5 Be4 15. e3 Ra6 16. Ne1 Rb6 17. f3 Bh7 18. Rf2 c5 19. N1d3 Rc8 20. dxc5 Nxc5 21. Nxc5 Qxc5 22. Qd2 Rd6 23. Bf1 Nd7 24. Bb5 Nb6 25. Rd1 f6 26. Nd3 Qc7 27. Qe1 Nc4 28. Re2 Rdd8 29. Nf2 Kh8 30. Kh1 e5 31. Bxc4 dxc4 32. fxe5 fxe5 33. Rxd8+ Rxd8 34. Rd2 Rf8 35. Qd1 Bg6 36. Rd7 Qc5 37. Ng4 Bd3 38. e4 h5 39. Rd5 Qxd5 40. exd5 hxg4 41. fxg4 Kg8 42. Qd2 Rd8 43. Qg5 Rxd5 44. h4 Kf7 45. Kg1 b5 46. axb5 Rxb5 47. Qd8 Rxb2 48. Qxa5 Re2 49. Qd5+ Kf6 50. Qd6+ Kf7 51. g5 Re1+ 52. Kf2 Re2+ 53. Kf3 e4+ 54. Kg3 Re3+ 55. Kg4 Rf3 56. g6+ Ke8 57. Qe6+ Kf8 58. Qd7 Kg8 59. Qd8+ 1-0

[Event "POR-chT"]
[Site "Ovar"]
[Date "2022.07.21"]
[Round "8.4"]
[White "Vassallo Barroche, Mauricio"]
[Black "Cuenca Jimenez, Jose Fernando"]
[Result "1/2-1/2"]
[WhiteElo "2372"]
[BlackElo "2552"]
[PlyCount "55"]
[EventDate "2022.07.16"]
[EventType "team-tourn"]
[EventRounds "9"]
[EventCountry "POR"]
[SourceTitle "CBM 209 Extra"]
[Source "ChessBase"]
[SourceDate "2022.09.30"]
[SourceVersion "1"]
[SourceVersionDate "2022.09.30"]
[SourceQuality "1"]
[WhiteTeam "Assembleia Figueirense"]
[BlackTeam "Montemor o Novo"]
[WhiteTeamCountry "POR"]
[BlackTeamCountry "POR"]

1. d4 Nf6 2. c4 g6 3. g3 Bg7 4. Bg2 0-0 5. Nc3 d6 6. Nf3 Nc6 7. 0-0 a6 8. b3 Rb8 9. Nd5 e6 10. Nxf6+ Qxf6 11. Bg5 Qf5 12. Qd2 Nxd4 13. Nxd4 Bxd4 14. Qxd4 Qxg5 15. Qa7 Bd7 16. Bxb7 Qa5 17. Bf3 Qb6 18. Qxb6 Rxb6 19. c5 Rb4 20. cxd6 cxd6 21. Rfc1 a5 22. Rc7 Rd8 23. Rd1 Be8 24. Bc6 Bxc6 25. Rxc6 a4 26. Rcxd6 Rxd6 27. Rxd6 axb3 28. axb3 1/2-1/2

[Event "POR-chT"]
[Site "Ovar"]
[Date "2022.07.17"]
[Round "3.5"]
[White "Adell Corts, Francisco"]
[Black "Vassallo Barroche, Mauricio"]
[Result "1/2-1/2"]
[WhiteElo "2104"]
[BlackElo "2372"]
[PlyCount "39"]
[EventDate "2022.07.16"]
[EventType "team-tourn"]
[EventRounds "9"]
[EventCountry "POR"]
[SourceTitle "CBM 209 Extra"]
[Source "ChessBase"]
[SourceDate "2022.09.30"]
[SourceVersion "1"]
[SourceVersionDate "2022.09.30"]
[SourceQuality "1"]
[WhiteTeam "Sao Miguel"]
[BlackTeam "Assembleia Figueirense"]
[WhiteTeamCountry "POR"]
[BlackTeamCountry "POR"]

1. e4 c5 2. c3 d5 3. exd5 Qxd5 4. d4 g6 5. Nf3 Bg7 6. Be3 cxd4 7. cxd4 Nf6 8. Nc3 Qd8 9. Bc4 0-0 10. 0-0 a6 11. Qe2 Nc6 12. a3 b5 13. Ba2 Bb7 14. Rfd1 Rc8 15. Ne5 e6 16. Nxf7 Rxf7 17. Bxe6 Qd6 18. d5 Nd8 19. Bxc8 Bxc8 20. h3 1/2-1/2

[Event "La Nucia op"]
[Site "La Nucia"]
[Date "2021.10.10"]
[Round "6"]
[White "Vassallo Barroche, Mauricio"]
[Black "Solodovnichenko, Yuri"]
[Result "0-1"]
[WhiteElo "2340"]
[BlackElo "2577"]
[PlyCount "100"]
[EventDate "2021.10.06"]
[EventType "swiss"]
[EventRounds "9"]
[EventCountry "ESP"]
[SourceTitle "CBM 204 Extra"]
[Source "ChessBase"]
[SourceDate "2021.11.30"]
[SourceVersion "1"]
[SourceVersionDate "2021.11.30"]
[SourceQuality "1"]

1. d4 d5 2. c4 e6 3. Nf3 c6 4. Qc2 Nf6 5. g3 dxc4 6. Qxc4 b5 7. Qb3 Bb7 8. Bg2 Nbd7 9. 0-0 Be7 10. Nc3 a6 11. Bg5 c5 12. Bxf6 Bxf6 13. dxc5 Nxc5 14. Qb4 Qe7 15. Rac1 Nd7 16. Qf4 0-0 17. Qc7 Nc5 18. Nxb5 axb5 19. Rxc5 Qxc7 20. Rxc7 Bd5 21. Rc5 Rxa2 22. Rxb5 Bc4 23. Rb6 Bxe2 24. Re1 Bc4 25. b3 Rb2 26. b4 Bd5 27. Rd1 Bd8 28. Rb5 Bc4 29. Rb8 Bf6 30. Rxf8+ Kxf8 31. h4 h6 32. Rc1 Be2 33. Re1 g6 34. b5 Bxb5 35. Ne5 Kg7 36. Bf1 Ba4 37. Bg2 Ra2 38. Bf1 Be7 39. Rc1 Ba3 40. Rc7 Bd6 41. Rxf7+ Kg8 42. Bc4 Bxe5 43. Bxe6 Ra1+ 44. Kh2 Kh8 45. f4 Bc6 46. g4 Bd6 47. g5 h5 48. Rf6 Rf1 49. Kg3 Bb4 50. Bc4 Be1+ 0-1

[Event "La Nucia op"]
[Site "La Nucia"]
[Date "2021.10.08"]
[Round "3"]
[White "Garriga Cazorla, Pere"]
[Black "Vassallo Barroche, Mauricio"]
[Result "1/2-1/2"]
[WhiteElo "2481"]
[BlackElo "2340"]
[PlyCount "69"]
[EventDate "2021.10.06"]
[EventType "swiss"]
[EventRounds "9"]
[EventCountry "ESP"]
[SourceTitle "CBM 204 Extra"]
[Source "ChessBase"]
[SourceDate "2021.11.30"]
[SourceVersion "1"]
[SourceVersionDate "2021.11.30"]
[SourceQuality "1"]

1. d4 Nf6 2. c4 e6 3. Nc3 d5 4. cxd5 Nxd5 5. e4 Nxc3 6. bxc3 c5 7. Nf3 cxd4 8. cxd4 Bb4+ 9. Bd2 Bxd2+ 10. Qxd2 0-0 11. Bc4 Nc6 12. 0-0 b6 13. Rad1 Bb7 14. Qf4 Qf6 15. Qc7 Qe7 16. Qg3 Rac8 17. d5 exd5 18. exd5 Nb4 19. d6 Qf6 20. Ne5 Rcd8 21. d7 Ba6 22. Bxa6 Nxa6 23. Ng4 Qg6 24. Rd6 f6 25. Rfd1 Nc5 26. h4 Ne4 27. Qb3+ Kh8 28. Ne5 Qf5 29. Nf7+ Rxf7 30. Qxf7 Qxf2+ 31. Kh1 Qxh4+ 32. Kg1 Qf2+ 33. Kh1 Qh4+ 34. Kg1 Qf2+ 35. Kh1 1/2-1/2

[Event "POR-chT"]
[Site "Peniche"]
[Date "2021.07.21"]
[Round "4.4"]
[White "Perez Candelario, Manuel"]
[Black "Vassallo Barroche, Mauricio"]
[Result "1/2-1/2"]
[WhiteElo "2607"]
[BlackElo "2378"]
[PlyCount "51"]
[EventDate "2021.07.19"]
[EventType "team-tourn"]
[EventRounds "9"]
[EventCountry "POR"]
[SourceTitle "CBM 203 Extra"]
[Source "ChessBase"]
[SourceDate "2021.09.30"]
[SourceVersion "1"]
[SourceVersionDate "2021.09.30"]
[SourceQuality "1"]
[WhiteTeam "Montemor o Novo"]
[BlackTeam "Assembleia Figueirense"]
[WhiteTeamCountry "POR"]
[BlackTeamCountry "POR"]

1. e4 c5 2. Nf3 d6 3. d4 cxd4 4. Nxd4 Nf6 5. Nc3 g6 6. Be3 Bg7 7. f3 0-0 8. Qd2 Nc6 9. 0-0-0 d5 10. Nxc6 bxc6 11. Bh6 Bxh6 12. Qxh6 Rb8 13. e5 Nh5 14. g4 Ng7 15. h4 Qb6 16. Bd3 f5 17. exf6 Rxf6 18. h5 gxh5 19. Qxh7+ Kf7 20. Rxh5 Qxb2+ 21. Kd2 Qb4 22. g5 Qf4+ 23. Ke1 Qg3+ 24. Kd2 Qf4+ 25. Ke1 Qg3+ 26. Kd2 1/2-1/2

[Event "POR-chT"]
[Site "Peniche"]
[Date "2021.07.20"]
[Round "2.3"]
[White "Figuero Toro, Julian Francisco"]
[Black "Vassallo Barroche, Mauricio"]
[Result "0-1"]
[WhiteElo "2237"]
[BlackElo "2378"]
[PlyCount "84"]
[EventDate "2021.07.19"]
[EventType "team-tourn"]
[EventRounds "9"]
[EventCountry "POR"]
[SourceTitle "CBM 203 Extra"]
[Source "ChessBase"]
[SourceDate "2021.09.30"]
[SourceVersion "1"]
[SourceVersionDate "2021.09.30"]
[SourceQuality "1"]
[WhiteTeam "Montemor o Velho"]
[BlackTeam "Assembleia Figueirense"]
[WhiteTeamCountry "POR"]
[BlackTeamCountry "POR"]

1. e4 d6 2. d4 Nf6 3. Nc3 g6 4. Nf3 Bg7 5. h3 a6 6. a4 0-0 7. Be3 b6 8. e5 Nfd7 9. e6 fxe6 10. h4 Nf6 11. h5 gxh5 12. Bd3 Qe8 13. Ne4 c5 14. dxc5 d5 15. Nxf6+ exf6 16. c3 Nc6 17. Bc2 f5 18. cxb6 Bb7 19. a5 Rd8 20. Bc5 Rf6 21. Nd4 Nxd4 22. cxd4 Rh6 23. f4 Rc8 24. b4 h4 25. Ra3 Bf6 26. Re3 Qd7 27. Kf2 Rg6 28. g3 Qg7 29. Rh3 Rxc5 30. dxc5 Bd4 31. Qd3 e5 32. Ke1 e4 33. Qe2 Bxe3 34. Qxe3 Rxg3 35. Rxg3 Qxg3+ 36. Qxg3+ hxg3 37. Bb3 Kg7 38. b5 axb5 39. a6 e3 40. Kf1 Bxa6 41. Bd1 Bb7 42. Bf3 b4 0-1

[Event "POR-chT"]
[Site "Peniche"]
[Date "2021.07.19"]
[Round "1.4"]
[White "Vassallo Barroche, Mauricio"]
[Black "Sadhwani, Raunak"]
[Result "0-1"]
[WhiteElo "2378"]
[BlackElo "2555"]
[PlyCount "36"]
[EventDate "2021.07.19"]
[EventType "team-tourn"]
[EventRounds "9"]
[EventCountry "POR"]
[SourceTitle "CBM 203 Extra"]
[Source "ChessBase"]
[SourceDate "2021.09.30"]
[SourceVersion "1"]
[SourceVersionDate "2021.09.30"]
[SourceQuality "1"]
[WhiteTeam "Assembleia Figueirense"]
[BlackTeam "Gaia"]
[WhiteTeamCountry "POR"]
[BlackTeamCountry "POR"]

1. g3 e5 2. Bg2 d5 3. d3 Nc6 4. Nf3 f6 5. c3 Be6 6. Qa4 Qd7 7. b4 a5 8. 0-0 b5 9. Qxb5 axb4 10. cxb4 Nxb4 11. Qxd7+ Kxd7 12. a3 Bd6 13. Ne1 Ne7 14. Nc3 Rhb8 15. f4 Bc5+ 16. Kh1 Bd4 17. Bd2 Nbc6 18. a4 Rb2 0-1

[Event "Famalicao op 7th"]
[Site "Vila Nova de Famalicao"]
[Date "2019.07.30"]
[Round "4"]
[White "Petkov, Vladimir"]
[Black "Vassallo Barroche, Mauricio"]
[Result "1/2-1/2"]
[WhiteElo "2497"]
[BlackElo "2380"]
[PlyCount "108"]
[EventDate "2019.07.28"]
[EventType "swiss"]
[EventRounds "9"]
[EventCountry "POR"]
[SourceTitle "CBM 191 Extra"]
[Source "ChessBase"]
[SourceDate "2019.09.30"]
[SourceVersion "1"]
[SourceVersionDate "2019.09.30"]
[SourceQuality "1"]

1. d4 Nf6 2. c4 e6 3. Nc3 d5 4. Nf3 Be7 5. g3 0-0 6. Bg2 c6 7. Qd3 dxc4 8. Qxc4 b5 9. Qd3 Ba6 10. Ne4 Nbd7 11. 0-0 Qb6 12. Bg5 Rfd8 13. Qc2 Rac8 14. Ne5 c5 15. Nxd7 Rxd7 16. Bxf6 cxd4 17. Qd2 Bxf6 18. Nxf6+ gxf6 19. Qh6 Qd8 20. Be4 f5 21. Bxf5 exf5 22. Qxa6 Rc5 23. Rfd1 Qe7 24. Rd2 f4 25. Rad1 fxg3 26. hxg3 Qe4 27. Qh6 Rf5 28. Rc1 Rd8 29. b4 Qe7 30. a3 Re5 31. Qf4 Qd6 32. Qg4+ Kf8 33. Rd3 h5 34. Qf3 Qe7 35. Rc2 h4 36. Qf4 Rxe2 37. Qh6+ Kg8 38. Rxe2 Qxe2 39. Qg5+ Kh7 40. Qxh4+ Kg6 41. Rxd4 Rxd4 42. Qxd4 a6 43. Qd6+ f6 44. Qd5 Kg7 45. Kg2 Qg4 46. f3 Qc8 47. g4 Qc2+ 48. Kg3 Qc7+ 49. f4 Qc3+ 50. Kh4 Qe1+ 51. Kh5 Qe8+ 52. Kh4 Qe1+ 53. Kh5 Qe8+ 54. Kh4 Qe1+ 1/2-1/2

[Event "Figueira da Foz op 12th"]
[Site "Figueira da Foz"]
[Date "2018.11.03"]
[Round "8"]
[White "Vassallo Barroche, Mauricio"]
[Black "Alshameary Puente, Ismael"]
[Result "1/2-1/2"]
[WhiteElo "2378"]
[BlackElo "2369"]
[PlyCount "45"]
[EventDate "2018.10.28"]
[EventType "swiss"]
[EventRounds "9"]
[EventCountry "POR"]
[SourceTitle "CBM 187 Extra"]
[Source "ChessBase"]
[SourceDate "2018.11.04"]
[SourceVersion "1"]
[SourceVersionDate "2018.11.04"]
[SourceQuality "1"]

1. Nf3 Nf6 2. c4 c5 3. g3 g6 4. Bg2 Bg7 5. 0-0 0-0 6. d4 cxd4 7. Nxd4 d5 8. cxd5 Nxd5 9. Nb5 Be6 10. N1c3 Nxc3 11. Nxc3 Nc6 12. Qa4 Qd4 13. Qb5 Qb6 14. Qxb6 axb6 15. Be3 b5 16. a3 Bc4 17. Rac1 Rfd8 18. h4 Rd7 19. Rfd1 Rad8 20. Rxd7 Rxd7 21. b3 Bxb3 22. Nxb5 Rd1+ 23. Rxd1 1/2-1/2

[Event "Figueira da Foz op 12th"]
[Site "Figueira da Foz"]
[Date "2018.11.01"]
[Round "5"]
[White "Lopez de Turiso, Jose Angel"]
[Black "Vassallo Barroche, Mauricio"]
[Result "0-1"]
[WhiteElo "1933"]
[BlackElo "2378"]
[PlyCount "52"]
[EventDate "2018.10.28"]
[EventType "swiss"]
[EventRounds "9"]
[EventCountry "POR"]
[SourceTitle "CBM 187 Extra"]
[Source "ChessBase"]
[SourceDate "2018.11.04"]
[SourceVersion "1"]
[SourceVersionDate "2018.11.04"]
[SourceQuality "1"]

1. f4 d5 2. Nf3 g6 3. d3 Bg7 4. e4 dxe4 5. dxe4 Qxd1+ 6. Kxd1 Nc6 7. c3 Nf6 8. Bd3 Bg4 9. Ke2 0-0-0 10. Bc2 e5 11. h3 Bxf3+ 12. Kxf3 exf4 13. Bxf4 Nh5 14. Na3 Nxf4 15. Kxf4 Bf8 16. Nc4 b5 17. Ne3 Bh6+ 18. Kf3 Rd2 19. Ng4 Bg7 20. Rac1 h5 21. Ne3 Ne5+ 22. Kf4 Bh6+ 23. Kxe5 Bxe3 24. Bb3 Re8+ 25. Kf6 Rf2+ 26. Kg7 Bxc1 0-1

[Event "Figueira da Foz op 12th"]
[Site "Figueira da Foz"]
[Date "2018.10.30"]
[Round "3"]
[White "Elissalt Cardenas, Hector"]
[Black "Vassallo Barroche, Mauricio"]
[Result "1/2-1/2"]
[WhiteElo "2316"]
[BlackElo "2378"]
[PlyCount "74"]
[EventDate "2018.10.28"]
[EventType "swiss"]
[EventRounds "9"]
[EventCountry "POR"]
[SourceTitle "CBM 187 Extra"]
[Source "ChessBase"]
[SourceDate "2018.11.04"]
[SourceVersion "1"]
[SourceVersionDate "2018.11.04"]
[SourceQuality "1"]

1. d4 Nf6 2. c4 e6 3. Nf3 b6 4. e3 Bb7 5. Bd3 d5 6. 0-0 Nbd7 7. b3 Bd6 8. Bb2 0-0 9. Ne5 Qe7 10. a4 Bb4 11. Na3 dxc4 12. Naxc4 Nxe5 13. Nxe5 Rfd8 14. Qe2 c5 15. dxc5 Bxc5 16. a5 Bd5 17. e4 Bxb3 18. Nc6 Qc7 19. Nxd8 Rxd8 20. axb6 axb6 21. Bxf6 gxf6 22. Rfb1 Qe5 23. Ra7 b5 24. Rb7 Bc4 25. Bxc4 bxc4 26. Qxc4 Rd4 27. Qb5 Qh5 28. Qb3 Rxe4 29. Qg3+ Rg4 30. Qf3 Qg6 31. Rd1 Rd4 32. Rxd4 Bxd4 33. Rb8+ Kg7 34. Qa3 Qc2 35. Qg3+ Qg6 36. Kf1 Qxg3 37. hxg3 f5 1/2-1/2